| 000 | 00554nam a2200157 i 4500 | ||
|---|---|---|---|
| 001 | 50334 | ||
| 003 | ES-MaACL | ||
| 005 | 20230906162149.0 | ||
| 007 | t| | ||
| 008 | 030804s1980 sp ||||1| spa d | ||
| 100 | 1 |
_aCruz Villalón, Pedro. _941854 |
|
| 245 | 1 | 3 |
_aEl estado de sitio y la Constitución _b: la constitucionalización de la protección extraordinaria del Estado (1789-1878) / _cPedro Cruz Villalón. |
| 260 |
_aMadrid : _bCentro de Estudios Constitucionales, _c1980. |
||
| 300 |
_a476 p. ; _c21 cm. |
||
| 852 |
_aES-MaACL _jC-16472 _bR.100366 |
||
| 999 |
_c50334 _d50334 |
||